IMMORTAL INDIA YOUNG COUNTRY TIMELESS CI (Record no. 29525)
[ view plain ]
| 000 -LEADER | |
|---|---|
| fixed length control field | 00333nam a2200133Ia 4500 |
| 008 - FIXED-LENGTH DATA ELEMENTS--GENERAL INFORMATION | |
| fixed length control field | 240624s9999 xx 000 0 und d |
| 041 ## - LANGUAGE CODE | |
| Language code of text/sound track or separate title | eng |
| 082 ## - DEWEY DECIMAL CLASSIFICATION NUMBER | |
| Classification number | 828 AMI |
| 100 ## - MAIN ENTRY--PERSONAL NAME | |
| Personal name | AMISH |
| 245 ## - TITLE STATEMENT | |
| Title | IMMORTAL INDIA YOUNG COUNTRY TIMELESS CI |
| 260 ## - PUBLICATION, DISTRIBUTION, ETC. | |
| Date of publication, distribution, etc. | 2017 |
| Place of publication, distribution, etc. | New Delhi |
| Name of publisher, distributor, etc. | Westland |
| 300 ## - PHYSICAL DESCRIPTION | |
| Extent | xxv, 188 p.; 19 cm. |
| 365 ## - TRADE PRICE | |
| Currency code | RS |
| Price amount | 30 |
| Withdrawn status | Lost status | Damaged status | Not for loan | Home library | Current library | Shelving location | Date acquired | Cost, normal purchase price | Full call number | Barcode | Date last seen | Copy number | Price effective from | Koha item type |
|---|---|---|---|---|---|---|---|---|---|---|---|---|---|---|
| IMTN | IMTN | Rack 42-A | 11/16/2017 | 275.00 | 828 AMI | 29525 | 06/24/2024 | 1 | 06/24/2024 | Books |